00542 a2200157 450000500170000001000150001702000300003203500140006203700160007608200130009210000170010524500880012226000340021027001180024430000220036220211209160523.0 aENG-130262 c825.00a978-93-80502-96-0 aEN-113794 bDBAD / PUB a333.9109 aSaran, Samir aRe-Imagining The Indus Mapping Media Reportance In India And Pakistan:cSamir Saran bKW Publishers Pvt. Ltd.c2012 a4676/12, First floor, Ansari Road, DaryaganjbNew Delhie110002k91.11.23263498/43528107mknowledgeworld@vsnl.net a145p.c23cm (pbk)